000 01109cam a2200301 a 4500
001 16266063
003 PILC
005 20150908085429.0
008 100604s2009 ph a b 000 0 eng
010 _a 2010338525
020 _a9789718776155
040 _aDLC
_cDLC
_dDLC
042 _alcode
_apcc
043 _aa-ph---
050 0 0 _aJS 7303.A2
_b.So715 2009
100 1 _aSosmeña, Gaudioso C.,
_cJr.
245 1 0 _aLocal governance and national security /
_cGaudioso C. Sosmeña, Jr.
260 _aPasay City, Philippines :
_bLocal Government Development Foundation ;
_aMakati City, Philippines :
_bKonrad-Adenauer-Stiftung,
_c2009.
300 _av, 206 pages :
_billustrations ;
_c23 cm.
500 _aIncludes bibliographical references.
650 0 _aLocal government
_zPhilippines.
650 0 _aNational security
_zPhilippines.
710 2 _aLocal Government Development Foundation (Manila, Philippines)
710 2 _aKonrad-Adenauer-Stiftung (Makati, Philippines)
906 _a7
_bcbc
_corigode
_d3
_encip
_f20
_gy-gencatlg
942 _2lcc
_cBK
_kFOR
999 _c288644
_d288644